Т. 33, № 6; Дифференциальные уравнения

গ্রন্থ-পঞ্জীর বিবরন
Parent link:Дифференциальные уравнения: ежемесячный математический журнал/ Российская академия наук (РАН). Т. 33, № 6.— , 1976-2008.— 0374-0641
ভাষা:রুশ
প্রকাশিত: 1997
বিন্যাস: গ্রন্থ
KOHA link:https://koha.lib.tpu.ru/cgi-bin/koha/opac-detail.pl?biblionumber=482523

MARC

LEADER 00000nam2a2200000 4500
001 482523
005 20231101094006.0
035 |a (RuTPU)RU\TPU\prd\150088 
035 |a RU\TPU\prd\150087 
090 |a 482523 
100 |a 20120904a19979999k y0rusy50 ca 
101 0 |a rus 
102 |a RU 
200 0 |a Т. 33, № 6 
210 |d 1997 
461 1 |0 (RuTPU)RU\TPU\prd\1460  |x 0374-0641  |t Дифференциальные уравнения  |o ежемесячный математический журнал  |f Российская академия наук (РАН)  |v Т. 33, № 6  |d 1976-2008 
801 0 |a RU  |b 63413507  |c 20010227  |g PSBO 
801 1 |a RU  |b 63413507  |c 20080220  |g PSBO 
801 2 |a RU  |b 63413507  |c 20120904  |g RCR 
942 |c BK 
999 |a НТБ_ТПУ  |b НФ  |e -4/20120110  |p П-8582  |u 0,00  |v 1